000 01156cam a2200277 4500
001 ##L131815
002 ##9313
008 051209n2005 000 0 eng u
020 _a0728204819
035 _a(Sirsi) u131815
041 0 _aeng
050 0 4 _a711.14 $2 18
100 1 _aDenyer-Green, Barry P. D.
245 0 0 _aCompulsory purchase and compensation
250 _a8th ed.
260 _aLondon
_bEG Books
_c2005
300 _alx, 496p
_c22cm
350 _a37
520 _aConsiders compulsory purchase powers, how those powers can be exercised, compensation for compulsory purchase, and compensation and mitigation for worsenment. This edition has been extensively revised to take account of the relevant provisions of the Planning and Compulsory Purchase Act 2004 and other recent legal developments.
520 _aSupersedes seventh edition (ISBN 0728203979).
520 _aSuperseded by ninth edition (ISBN 9780728205741).
590 _aIKA170106
650 2 4 _aPLANNING AND COMPULSORY PURCHASE ACT 2004
690 _aENVIRONMENTAL AND LAND CONSULTANCY-PLANNING AND DEVELOPMENT-COMPULSORY PURCHASE AND COMPENSATION
942 _n0
999 _c104850
_d104850